Nie tego się spodziewałeś - Statystyki

Ogólne statystyki
  • Ten quiz został rozwiązany 120 razy
    116 od ostatniego zresetowania
  • Średni wynik to 9 z 15
Statystyki odpowiedzi
Zagadnienie Odpowiedź % Poprawnych
Która wyspa jest w 80% pokryta pokrywą lodową? Grenlandia
84%
Co to jest rybik cukrowy? Owad
84%
Z jakiego pierwiastka wykonany jest grafit ołówkowy? Węgla
80%
Kogo chroni Gwardia Szwajcarska? Papieża
77%
W którym województwie leży Gorzów Wielkopolski? Lubuskim
72%
Ile tańców jest wymienionych w tekście piosenki Wilsona Picketta „Land of 1000 Dances”? 6
60%
Jaki jest kolor czarnej skrzynki samolotu? Pomarańczowy
60%
Jaki kształt geometryczny ma nowojorski Times Square? Muszki (dwóch trójkątów)
55%
Czym jest Rudawka? (ang. Flying Fox) Nietoperzem
55%
Kto wynalazł śrubokręt krzyżakowy (zwany potocznie Phillips)? John Thompson
52%
Gdzie powstała najwcześniejsza forma cyfr arabskich? W Indiach
49%
Co to jest orzeszek ziemny? Strąk
47%
Stolica którego stanu leży nad rzeką Delaware? New Jersey
37%
Skąd pochodzi różek angielski? Ze Śląska
33%
Z jakiego drewna wykonany jest samolot Howarda Hughesa, Spruce Goose? Brzozowego
20%
Nie znaleziono quizów pasujących do podanych kryteriów
Rozkład punktacji
Procent ludzi z każdym wynikiem
Percentyl według liczby udzielonych odpowiedzi
Twoja historia wyników
Nie rozwiązałeś tego quizu od ostatniego zresetowania